Statystyki dla Top 10 najmniejszych krajów w Europie

Kliknij tutaj aby rozwiązać quiz!

Ogólne statystyki

  • Ten quiz został rozwiązany 1 290 razy
  • Średni wynik to 6 z 10

Statystyki odpowiedzi

rozmiar w km2Kraj% Poprawnych
0.44Watykan
100%
1.95Monako
84%
61San Marino
80%
160Liechtenstein
73%
468Andora
64%
2,586Luksemburg
61%
316Malta
56%
10,908Kosowo
49%
13,812Czarnogóra
35%
20,273Slowenia
29%

Rozkład punktacji

Percentyl według liczby udzielonych odpowiedzi

Procent ludzi z każdym wynikiem

Twoja historia wyników

Nie rozwiązałeś tego quizu